Регионална библиотека "Любен Каравелов" - Русе

Смъртоносно (Запис номер 126298)

MARC детайли
000 -Лидер
Контролно поле с фиксирана дължина 01733nam a2200385 a 4500
003 - Код на организацията, давaща контролен номер
Контролно поле BLK
005 - Дата и час на последна редакция
Контролно поле 20250604170732.0
008 - Елементи от данни с фиксирана дължина
fixed length control field 180409b bul|||||r ||||||| ||bul||
010 ## - Наследен системен номер
LC control number KNG00131982000
020 ## - Международен стандартен номер на книга ISBN
Международен стандартен номер на книга ISBN 978-954-26-1054-0
040 ## - Източник на каталожния запис
Идентификатор на билиотеката - собственик на записа BLK
041 ## - Код за език
Код за езика на текст/звукозапис или на отделно заглавие Български
Код за езика КДБФ Български
072 #7 - Код за тематичната категория
Код организация bullib
Код за тематична категория Н83
Текст Чужда художествена литература Н
080 ## - УДК
Текстов определител УДК Американска литература (на САЩ)
УДК код - определител по УДК 821.111(73)
УДК определител -31
УДК - код + определител 821.111(73)-31
100 ## - Редна дума - Автор
Автор Браун, Сандра
Дати, свързани с автора 1948-
Автор - информация (биография) Американска писателка
Авторска отговорност първи автор
R(LIN) 241650
139 ## - Редно поле
Редна дума Браун, Сандра
Авторски знак Брат - Б 78
245 10 - Сведения за заглавието
Заглавие Смъртоносно
Подзаглавни данни Роман
Редно поле (дума) Сандра Браун; прев. от англ. Илвана Иванова Гарабедян; прев. от англ. Валентина Борисова Рашева.
257 ## - Страна на издаване
Страна на създаване/издаване Съединени американски щати
260 ## - Област на издателските данни
Място на издаване, разпространение и проч. Пловдив
Име на издателя, разпространителя и проч. Хермес
Година на издаване 2012
Печатница Хасково : Полиграфюг
300 ## - Физическа характеристика
Страници 400 с.
Размери/Мащаб 20 см
380 ## - Жанр
Жанр Худож. лит.
490 ## - СЕРИИ (Колекции)
9 (RLIN) 201185
Име на серия Мегаселър
500 ## - Общи забележки
Забележка Ориг. загл. Lethal / Sandra Brown.
653 ## - Ключова дума – ненормативна
Ключова дума романи
659 ## - Тематичен бюлетин
Тематичен бюлетин Н
700 1# - Други автори (авторска отговорност)
Лично име Гарабедян, Илвана Иванова
Автороска отговорност (Описва отношението между автора и произведението) прев. от англ.
9 (RLIN) 365668
700 1# - Други автори (авторска отговорност)
Лично име Рашева, Валентина Борисова
Автороска отговорност (Описва отношението между автора и произведението) прев. от англ.
Друга информация Рашева-Джейвънс, Валентина Борисова
9 (RLIN) 371253
852 ## - Местоположение
Форматна сигнатура Цб 255704
856 4# - Електронен адрес и достъп
Електронен формат pdf - файл
Инструкция (цена за достъп) 0.00
Права за достъп disable
856 4# - Електронен адрес и достъп
Електронен формат pdf - файл
Инструкция (цена за достъп) 0.00
Права за достъп disable
999 ## - СИСТЕМНИ КОНТРОЛНИ НОМЕРА
Koha biblionumber 126298
Koha biblioitemnumber 126298
942 ## - АРТИКУЛИ
Вид на библиотечния материал Книги
Скрит в OPAC Не
Koha issues (borrowed), all copies 108
Периодичен библиозапис Да
944 ## - СЪЗДАВАНЕ И РЕДАКЦИЯ на ЗАПИСА
Създаване/Редакция Създаване
Дата на регистрацията/редакция 05.07.2012
Статус, дата на статуса Минев Младен
Служител, извършил регистрацията/редакцията 30530
944 ## - СЪЗДАВАНЕ И РЕДАКЦИЯ на ЗАПИСА
Създаване/Редакция Редакция
Дата на регистрацията/редакция 11.11.2016
Статус, дата на статуса ф /
Служител, извършил регистрацията/редакцията Людмила_Стоянова
999 ## - СИСТЕМНИ КОНТРОЛНИ НОМЕРА
Koha biblioitemnumber 126298
Наличности
Код за отписване Код за изгубен артикул Източник на класификационната схема Код за повреда Коз за рестрикции Код за отдаване Артикулен № Име на библиотеката - собственик Име на библиотеката, в която се намира в момента Статус (Текущо местоположение) Дата на вписване в системата Местоположение - отдел Цена в лева Инвентарен номер Систематично азбучна сигнатура Баркод Номер на екземпляра Цена в евро Служебна бележка Служебен тип на артикула
Изтеглен Не е изгубен Universal Decimal Classification Не е повреден без рестрикции заемане за дома 205422 Регионална библиотека "Любен Каравелов" Русе Регионална библиотека "Любен Каравелов" Русе Заемна - подръчен фонд 2012-07-05 Заемна - подръчен фонд 14.95 120000758848 П 820(73)-31/Б 78 120000758848 1 7.64 Дост: DA Вид: А N: 14 Дата: 05.07.2012 Дата инв: 16.02.2018 Бележки инв: П2018 Книги
  Не е изгубен   Не е повреден без рестрикции ползва се в читалня 205423 Регионална библиотека "Любен Каравелов" Русе Регионална библиотека "Любен Каравелов" Русе Хранилище 2013-08-19 Хранилище 14.95 120000768892 Цб 255704 120000768892 2 7.64 Дост: Dp Вид: Д N: 19 Дата: 10.05.2012 Книги
  Не е изгубен Universal Decimal Classification Не е повреден без рестрикции заемане за дома 205424 Регионална библиотека "Любен Каравелов" Русе Регионална библиотека "Любен Каравелов" Русе Заемна - подръчен фонд 2016-11-10 Заемна - подръчен фонд 14.95 120000805576 П 821-31/Б 78 120000805576 3 7.64 Дост: DA Вид: А N: 41 Дата: 10.11.2016 Дата инв: 23.02.2018 Бележки инв: П2018 Книги
Vip Innovations Ltd, Rousse, Bulgaria 2025